[Event "XXI Festival"]
[Site "Arco ITA"]
[Date "1999.10.30"]
[Round "8"]
[White "Fercec, Nenad"]
[Black "Ortega, Lexy"]
[Result "0-1"]
[WhiteElo "2476"]
[BlackElo "2499"]
[PlyCount "108"]
[EventDate "1999.10.23"]

1.e4 c5 2.Nf3 e6 3.d4 cxd4 4.Nxd4 a6 5.Bd3 Bc5 6.c3 d6 7.O-O Nf6 8.Be3 
Nbd7 9.Nd2 O-O 10.b4 Bb6 11.Nc4 Bc7 12.Bg5 h6 13.Bh4 Re8 14.f4 d5 15.Nd2 
e5 16.Nf5 exf4 17.exd5 Nf8 18.Ne4 Be5 19.Nxf6+ Bxf6 20.Bxf6 Qxf6 21.Rxf4 
Bxf5 22.Rxf5 Qxc3 23.Kh1 Re3 24.Bf1 Rae8 25.Rc1 Qxb4 26.d6 Qe4 27.Qd5 Qxd5
28.Rxd5 Re1 29.Rxe1 Rxe1 30.Kg1 Nd7 31.Kf2 Rc1 32.Be2 Kf8 33.Rd2 Ke8 34.
Bg4 Kd8 35.Re2 Rc6 36.Bxd7 Kxd7 37.Re7+ Kxd6 38.Rxb7 Ke6 39.a4 h5 40.Ra7 
g5 41.h4 g4 42.a5 f6 43.Ke3 Kf5 44.Rh7 Rc3+ 45.Kd4 Rg3 46.Rxh5+ Kf4 47.Rh6
f5 48.Rxa6 Rxg2 49.h5 Rh2 50.h6 g3 51.Rg6 g2 52.Kc4 Kf3 53.a6 Rxh6 54.a7 
Rh8 0-1

[Event "XXI Festival"]
[Site "Arco ITA"]
[Date "1999.10.30"]
[Round "8"]
[White "Frilli, Fabio"]
[Black "Carli, Carlo"]
[Result "1-0"]
[WhiteElo "1915"]
[BlackElo "2074"]
[PlyCount "91"]
[EventDate "1999.10.23"]

1.f4 Nf6 2.b3 g6 3.Bb2 Bg7 4.Nf3 d6 5.e3 O-O 6.Be2 Nc6 7.O-O e5 8.fxe5 Ng4
9.Na3 Ncxe5 10.Nxe5 Nxe5 11.d4 Nc6 12.c3 d5 13.Nc2 Bf5 14.c4 Bh6 15.Rxf5 
gxf5 16.cxd5 Ne7 17.Bc4 Ng6 18.Qh5 Qg5 19.Qxg5 Bxg5 20.Rf1 Rfe8 21.Rxf5 
Bxe3+ 22.Nxe3 Rxe3 23.d6 Rf8 24.dxc7 Re7 25.Ba3 Rxc7 26.Bxf8 Kxf8 27.g3 
Kg7 28.d5 Rd7 29.d6 f6 30.Rd5 a6 31.Bd3 Ne5 32.Bf5 Rd8 33.Kf2 h6 34.Ke3 
Nf7 35.d7 Kf8 36.Kd4 b6 37.a4 Ke7 38.a5 Rb8 39.axb6 Rxb6 40.Kc3 Rd6 41.
Rxd6 Nxd6 42.Bh3 a5 43.Kd4 Nb5+ 44.Kc5 Nc3 45.Kb6 a4 46.bxa4 1-0

[Event "XXI Festival"]
[Site "Arco ITA"]
[Date "1999.10.30"]
[Round "8"]
[White "Gorelli Fagiolini, Marco"]
[Black "Ager, Josef"]
[Result "0-1"]
[WhiteElo "2206"]
[BlackElo "2330"]
[PlyCount "76"]
[EventDate "1999.10.23"]

1.e4 Nf6 2.e5 Nd5 3.Nf3 d6 4.d4 dxe5 5.Nxe5 g6 6.Be2 Bg7 7.Nf3 O-O 8.O-O 
Bf5 9.c3 Nc6 10.Re1 Re8 11.Bg5 a6 12.Na3 h6 13.Bh4 Nf4 14.Bf1 g5 15.Bg3 e5
16.dxe5 Nxe5 17.Nxe5 Rxe5 18.Rxe5 Bxe5 19.Nc4 Bg7 20.Qf3 Qd5 21.Qxd5 Nxd5 
22.Rd1 Be6 23.Be5 f6 24.Bg3 a5 25.a3 Kf7 26.Ne3 Nxe3 27.fxe3 Rc8 28.e4 Bf8
29.Be2 Bc5+ 30.Kf1 Ke7 31.h3 Bb3 32.Rd3 c6 33.Ke1 Bc2 34.Rd2 Bxe4 35.Bh5 
f5 36.b4 Bb6 37.Be5 Ke6 38.Bg7 Rg8 0-1

[Event "XXI Festival"]
[Site "Arco ITA"]
[Date "1999.10.30"]
[Round "8"]
[White "Heinig, Wolfram"]
[Black "Rahls, Peter"]
[Result "1/2-1/2"]
[WhiteElo "2296"]
[BlackElo "2278"]
[PlyCount "21"]
[EventDate "1999.10.23"]

1.d4 c5 2.c3 e6 3.Nf3 Nf6 4.Bg5 Be7 5.e3 b6 6.Nbd2 Bb7 7.Bd3 d6 8.O-O Nbd7
9.Qe2 O-O 10.a4 Re8 11.a5 1/2-1/2

[Event "XXI Festival"]
[Site "Arco ITA"]
[Date "1999.10.30"]
[Round "8"]
[White "Hocevar, Nikola"]
[Black "Barbafiera, Luigi"]
[Result "1-0"]
[WhiteElo "2174"]
[BlackElo "1915"]
[PlyCount "117"]
[EventDate "1999.10.23"]

1.c4 Nf6 2.Nc3 g6 3.e4 d6 4.d4 Bg7 5.f3 O-O 6.Be3 c6 7.Qd2 Re8 8.Nge2 a5 
9.g4 e5 10.d5 cxd5 11.cxd5 Bd7 12.Ng3 Na6 13.Nb5 Bxb5 14.Bxb5 Rf8 15.Bxa6 
Rxa6 16.O-O Nd7 17.Rac1 Nc5 18.Bxc5 dxc5 19.Rxc5 Qb6 20.Rc1 Rc8 21.Qf2 
Rxc5 22.Rxc5 Bf8 23.Rc2 Qb5 24.Kg2 a4 25.Qe2 Qb4 26.a3 Qb3 27.Qc4 Qxc4 28.
Rxc4 Rb6 29.Rc2 Rb3 30.Ne2 Bh6 31.Nc3 b5 32.d6 Kf8 33.Nd5 Ke8 34.Nf6+ Kd8 
35.d7 Rd3 36.Rc8+ Ke7 37.Re8+ Kxf6 38.d8=Q+ Rxd8 39.Rxd8 Bc1 40.Rb8 Bxb2 
41.Rxb5 Bxa3 42.Ra5 Bc1 43.Rxa4 g5 44.Ra6+ Kg7 45.Kf2 Bb2 46.Ke3 Bd4+ 47.
Kd3 Bg1 48.h3 Kf8 49.Kc4 Bd4 50.Kd5 Bb2 51.Kd6 Bc3 52.Kd7 Bb4 53.Rb6 Ba3 
54.Rb8+ Kg7 55.Ke8 f6 56.Kd7 Kf7 57.Rh8 Kg7 58.Ra8 Kf7 59.Rxa3 1-0

[Event "XXI Festival"]
[Site "Arco ITA"]
[Date "1999.10.30"]
[Round "8"]
[White "Kloster, Josef"]
[Black "Valenti, Giuseppe"]
[Result "1-0"]
[WhiteElo "2145"]
[BlackElo "2227"]
[PlyCount "143"]
[EventDate "1999.10.23"]

1.e4 c5 2.Nf3 e6 3.d4 cxd4 4.Nxd4 Nf6 5.Nc3 d6 6.Be2 Be7 7.O-O Nc6 8.Be3 
Qc7 9.Ndb5 Qb8 10.f4 a6 11.Nd4 Qc7 12.Kh1 O-O 13.Qe1 Bd7 14.Qg3 Rac8 15.
Rae1 b5 16.a3 b4 17.axb4 Nxb4 18.e5 Ne8 19.Bd1 Qd8 20.Qg4 Rc4 21.Be2 Rc8 
22.Bd1 Rc4 23.Be2 Rxd4 24.Bxd4 Nxc2 25.Rd1 Nxd4 26.Rxd4 Qb6 27.Rd2 f5 28.
Qg3 d5 29.Ra1 Nc7 30.Qd3 Rb8 31.Na4 Qb4 32.Qd4 Qxd4 33.Rxd4 Bxa4 34.Rdxa4 
Rxb2 35.Bxa6 Bc5 36.Bf1 Kf7 37.Rc1 Bb6 38.Ra7 Bxa7 39.Rxc7+ Kg6 40.Rxa7 
Rf2 41.Kg1 Rxf4 42.Re7 Re4 43.Rxe6+ Kf7 44.Ra6 Rxe5 45.Kf2 Re6 46.Kf3 Rxa6
47.Bxa6 Kf6 48.Ke3 Ke5 49.Bb5 g5 50.Be8 g4 51.Kd3 f4 52.Bf7 h6 53.Be8 Kf5 
54.Kd4 h5 55.Bd7+ Kg5 56.Bc6 Kh4 57.Bxd5 f3 58.Bxf3 gxf3 59.gxf3 Kh3 60.f4
Kxh2 61.f5 h4 62.f6 h3 63.f7 Kg2 64.f8=Q h2 65.Qg7+ Kh1 66.Qh7 Kg2 67.Ke3 
h1=Q 68.Qg6+ Kh3 69.Qh5+ Kg2 70.Qg4+ Kh2 71.Kf2 Qf3+ 72.Kxf3 1-0

[Event "XXI Festival"]
[Site "Arco ITA"]
[Date "1999.10.30"]
[Round "8"]
[White "Lantini, Marco"]
[Black "Haldemann, Paul"]
[Result "1/2-1/2"]
[WhiteElo "2193"]
[BlackElo "2235"]
[PlyCount "53"]
[EventDate "1999.10.23"]

1.e4 c5 2.Nf3 e6 3.d4 cxd4 4.Nxd4 a6 5.Bd3 g6 6.Be3 Bg7 7.Nc3 Nc6 8.Nb3 d5
9.exd5 exd5 10.Qe2 Nge7 11.O-O-O d4 12.Be4 O-O 13.Bg5 Qb6 14.Na4 Qb4 15.
Nac5 a5 16.a3 Qb6 17.Na4 Qc7 18.Qb5 h6 19.Bd2 Bf5 20.Bxf5 Nxf5 21.Nb6 Ra6 
22.Nd5 Qd6 23.Nxa5 Nxa5 24.Bxa5 Qc6 25.Qxc6 bxc6 26.Bb4 cxd5 27.Bxf8 
1/2-1/2

[Event "XXI Festival"]
[Site "Arco ITA"]
[Date "1999.10.30"]
[Round "8"]
[White "Lazarev, Vladimir"]
[Black "Haag, Martin"]
[Result "0-1"]
[WhiteElo "2501"]
[BlackElo "2292"]
[PlyCount "114"]
[EventDate "1999.10.23"]

1.d4 d5 2.c4 e6 3.Nf3 c5 4.cxd5 exd5 5.g3 Nc6 6.Bg2 Nf6 7.O-O Be7 8.Nc3 
O-O 9.Bg5 c4 10.Ne5 Be6 11.e3 Nd7 12.Bxe7 Nxe7 13.b3 Nxe5 14.dxe5 Qa5 15.
Qd2 Rac8 16.b4 Qxb4 17.Rab1 Qc5 18.Rxb7 Rfd8 19.Rfb1 Nc6 20.R1b5 Qa3 21.
Qb2 Qxb2 22.Rxb2 Nxe5 23.Rxa7 d4 24.exd4 Rxd4 25.f4 Ng4 26.Bf1 g6 27.a4 
Ne3 28.a5 Nd1 29.Rc2 Nxc3 30.Rxc3 Rd2 31.g4 Rc5 32.a6 Ra5 33.f5 gxf5 34.
gxf5 Rxf5 35.Bxc4 Rg5+ 36.Kf1 Ra5 37.Be2 Ra1+ 38.Kf2 Raa2 39.Ra8+ Kg7 40.
Re3 Bc4 41.Rae8 Rxa6 42.Ke1 Rxe2+ 43.Rxe2 Bxe2 44.Rxe2 Re6 45.Kf2 Rxe2+ 
46.Kxe2 Kg6 47.Kf3 Kh5 48.Ke3 Kg4 49.Kf2 Kf4 50.Ke2 Ke4 51.Kf2 f5 52.Ke2 
f4 53.Kf2 f3 54.Kf1 Ke3 55.Ke1 f2+ 56.Kf1 Kf3 57.h4 h6 0-1

[Event "XXI Festival"]
[Site "Arco ITA"]
[Date "1999.10.30"]
[Round "8"]
[White "Lieb, Harald"]
[Black "Borgo, Giulio"]
[Result "0-1"]
[WhiteElo "2254"]
[BlackElo "2444"]
[PlyCount "76"]
[EventDate "1999.10.23"]

1.e4 c5 2.c3 Nf6 3.e5 Nd5 4.d4 cxd4 5.cxd4 d6 6.Nf3 e6 7.Bc4 Nc6 8.O-O Be7
9.Qe2 O-O 10.Nc3 Nxc3 11.bxc3 dxe5 12.dxe5 Qa5 13.Bd3 Bd7 14.Re1 Rfd8 15.
Bg5 Be8 16.Be4 Bxg5 17.Bxh7+ Kxh7 18.Nxg5+ Kg8 19.Qh5 Rd5 20.f4 Nxe5 21.
Qh7+ Kf8 22.Qh8+ Ke7 23.Qxg7 Nd3 24.Rxe6+ Kd7 25.Re4 Qb6+ 26.Rd4 Rxd4 27.
cxd4 Qg6 28.Qh8 Nxf4 29.Qe5 Qd6 30.Qf5+ Kd8 31.Rd1 Rc8 32.Ne4 Qh6 33.Qa5+ 
b6 34.Qa3 Nd5 35.Re1 a5 36.Nd6 Bd7 37.Nxc8 Kxc8 38.Qd3 Be6 0-1

[Event "XXI Festival"]
[Site "Arco ITA"]
[Date "1999.10.30"]
[Round "8"]
[White "Lovati, Paolo"]
[Black "Sturma, Mauro"]
[Result "1/2-1/2"]
[WhiteElo "2080"]
[BlackElo "2095"]
[PlyCount "86"]
[EventDate "1999.10.23"]

1.g3 Nf6 2.Bg2 e5 3.c4 Nc6 4.Nc3 Bb4 5.Nd5 Bc5 6.d3 O-O 7.Nf3 h6 8.O-O Re8
9.a3 a5 10.b3 Nd4 11.Rb1 Nxf3+ 12.Bxf3 Nxd5 13.cxd5 Qe7 14.Qc2 d6 15.b4 
axb4 16.axb4 Bb6 17.Be3 Bxe3 18.fxe3 Bh3 19.Rfc1 Rac8 20.Qa4 f5 21.Rc4 Qg5
22.Kf2 Qf6 23.b5 g5 24.b6 cxb6 25.Rxc8 Rxc8 26.Qd7 Rd8 27.Qe6+ Kg7 28.Rxb6
Qxe6 29.dxe6 Kf6 30.Rxb7 Re8 31.Bh5 Re7 32.Rd7 Rxd7 33.exd7 Ke7 34.Be8 Bg4
35.d4 e4 36.Ke1 Bh3 37.Kd2 Bf1 38.Bg6 Bh3 39.Be8 Bg4 40.Kc3 Bxe2 41.Kd2 
Bf1 42.Ke1 Bh3 43.Kf2 Kd8 1/2-1/2

[Event "XXI Festival"]
[Site "Arco ITA"]
[Date "1999.10.30"]
[Round "8"]
[White "Luciani, Carlo"]
[Black "Heinlein, Reinhold"]
[Result "1/2-1/2"]
[WhiteElo "2228"]
[BlackElo "2145"]
[PlyCount "72"]
[EventDate "1999.10.23"]

1.e4 c6 2.d4 d5 3.e5 Bf5 4.Nf3 e6 5.Be2 c5 6.Be3 cxd4 7.Nxd4 Ne7 8.O-O 
Nbc6 9.f4 Nxd4 10.Bxd4 Nc6 11.Bf2 Be7 12.Nd2 h6 13.Nf3 O-O 14.c3 Qd7 15.
Be3 Rfd8 16.Qe1 Na5 17.Qf2 b6 18.Nd4 Nc4 19.Bc1 Rac8 20.Bf3 Bc5 21.Kh1 b5 
22.Rd1 a6 23.b3 Nb6 24.Be3 Bg6 25.g4 Qe7 26.f5 Bh7 27.b4 Bxd4 28.Bxd4 Nc4 
29.Be2 h5 30.f6 Be4+ 31.Kg1 gxf6 32.exf6 Qf8 33.Qf4 Kh7 34.Kf2 Qh6 35.
Qxh6+ Kxh6 36.Bxc4 dxc4 1/2-1/2

[Event "XXI Festival"]
[Site "Arco ITA"]
[Date "1999.10.30"]
[Round "8"]
[White "Mauro, Alan"]
[Black "Klimm, Wolf-Dietrich"]
[Result "1/2-1/2"]
[WhiteElo "2278"]
[BlackElo "2212"]
[PlyCount "105"]
[EventDate "1999.10.23"]

1.e4 c5 2.Nf3 e6 3.d4 cxd4 4.Nxd4 a6 5.Bd3 Bd6 6.Qe2 Qc7 7.Nc3 Ne7 8.Be3 
Nbc6 9.Nxc6 bxc6 10.g3 e5 11.O-O O-O 12.Na4 Rb8 13.c4 c5 14.a3 Qa5 15.Nxc5
Bxc5 16.b4 Bxb4 17.axb4 Qc7 18.b5 axb5 19.cxb5 d5 20.Rfc1 Qd8 21.Ba7 Ra8 
22.exd5 Bb7 23.Qxe5 Nxd5 24.Bd4 Nf6 25.Rxa8 Bxa8 26.Bc4 Re8 27.Qf4 Re4 28.
Bxf6 gxf6 29.Bxf7+ Kxf7 30.Qh6 Kg8 31.Qh5 Bb7 32.Rd1 Qe8 33.Qxe8+ Rxe8 34.
f4 Kf7 35.Kf2 Re6 36.Rd7+ Re7 37.Rd6 Rc7 38.f5 Bc8 39.g4 Ke7 40.Rd2 Bd7 
41.b6 Rb7 42.Rb2 Kd6 43.Kg3 h6 44.Kf4 Bc6 45.h4 Re7 46.g5 hxg5+ 47.hxg5 
Re4+ 48.Kg3 fxg5 49.b7 Bxb7 50.Rxb7 Ke5 51.Re7+ Kxf5 52.Rxe4 Kxe4 53.Kg4 
1/2-1/2

[Event "XXI Festival"]
[Site "Arco ITA"]
[Date "1999.10.30"]
[Round "8"]
[White "Ragonese, Lucio Rosario"]
[Black "Mordiglia, Riccardo"]
[Result "1/2-1/2"]
[WhiteElo "2010"]
[BlackElo "2118"]
[PlyCount "61"]
[EventDate "1999.10.23"]

1.d4 d5 2.Nf3 Nc6 3.Bg5 Bg4 4.Nbd2 Qd7 5.c3 f6 6.Bf4 e6 7.e4 dxe4 8.Nxe4 
e5 9.Be3 exd4 10.Bxd4 Bxf3 11.Qxf3 Nxd4 12.cxd4 Qxd4 13.Be2 Bb4+ 14.Nc3 
Ne7 15.O-O Bxc3 16.bxc3 Qd5 17.Qh3 Qd7 18.Bh5+ g6 19.Bg4 f5 20.Bf3 O-O-O 
21.Qh4 Nd5 22.Rfb1 c6 23.Rb3 Qg7 24.Rab1 Rd7 25.Qc4 Nb6 26.Qc5 Kb8 27.Ra3 
Qf6 28.Qa5 Nc8 29.Rab3 Re8 30.Qa6 Nb6 31.Qf1 1/2-1/2

[Event "XXI Festival"]
[Site "Arco ITA"]
[Date "1999.10.30"]
[Round "8"]
[White "Rossi, Carlo"]
[Black "Tatai, Stefano"]
[Result "1/2-1/2"]
[WhiteElo "2361"]
[BlackElo "2357"]
[PlyCount "80"]
[EventDate "1999.10.23"]

1.e4 e5 2.Nf3 Nc6 3.Bb5 a6 4.Ba4 d6 5.Bxc6+ bxc6 6.d4 f6 7.Nc3 Ne7 8.Be3 
Be6 9.dxe5 fxe5 10.Ng5 Bg8 11.Qg4 Qd7 12.Qg3 h6 13.Nf3 Qe6 14.h4 g6 15.Nd2
Bg7 16.f3 Bf7 17.Qf2 O-O 18.Na4 c5 19.b3 Nc6 20.Nc4 Qc8 21.Qd2 Kh7 22.Ncb2
Nd4 23.c3 Ne6 24.Nc4 a5 25.Nab2 Be8 26.Nd3 Qa6 27.Ncb2 a4 28.b4 a3 29.Nd1 
Bb5 30.N1f2 Nf4 31.Bxf4 exf4 32.Rc1 Bc4 33.Nxf4 Rxf4 34.Qxf4 Bxa2 35.h5 g5
36.Qf5+ Kg8 37.Ng4 Rf8 38.Qg6 Kh8 39.Nxh6 Rf6 40.Qe8+ Rf8 1/2-1/2

[Event "XXI Festival"]
[Site "Arco ITA"]
[Date "1999.10.30"]
[Round "8"]
[White "Rytshagov, Mikhail"]
[Black "Romanishin, Oleg M."]
[Result "1-0"]
[WhiteElo "2539"]
[BlackElo "2567"]
[PlyCount "89"]
[EventDate "1999.10.23"]

1.e4 e5 2.Nf3 Nc6 3.Bb5 a6 4.Ba4 Nf6 5.O-O Be7 6.Re1 d6 7.c3 Bg4 8.d3 Nd7 
9.Be3 b5 10.Bc2 Nf8 11.h3 Bd7 12.d4 Ng6 13.Nbd2 O-O 14.Nf1 Na5 15.b3 c5 
16.dxc5 dxc5 17.Ng3 Nb7 18.Nf5 Bf6 19.Nh2 Be6 20.Qh5 Bxf5 21.exf5 Nf4 22.
Qf3 Qc7 23.Be4 Rab8 24.Ng4 Nd6 25.Nxf6+ gxf6 26.Bxf4 exf4 27.Qxf4 Rfe8 28.
Bf3 Rxe1+ 29.Rxe1 Re8 30.Rxe8+ Nxe8 31.Qxc7 Nxc7 32.b4 cxb4 33.cxb4 Kf8 
34.Kf1 Ke7 35.Ke2 Kd6 36.Kd3 Ke5 37.Be4 Ne8 38.g3 Kd6 39.Kd4 Kc7 40.g4 Nd6
41.Bd3 Nc8 42.f4 h6 43.h4 Kd6 44.h5 Ne7 45.Be4 1-0

[Event "XXI Festival"]
[Site "Arco ITA"]
[Date "1999.10.30"]
[Round "8"]
[White "Svensson, Leif"]
[Black "Ptaschinski, Dirk"]
[Result "1-0"]
[WhiteElo "2221"]
[BlackElo "2182"]
[PlyCount "109"]
[EventDate "1999.10.23"]

1.e4 c5 2.Nf3 e6 3.d3 Nc6 4.g3 d6 5.Bg2 Nf6 6.O-O Be7 7.Nbd2 O-O 8.a4 Qc7 
9.Re1 Rb8 10.Nc4 b5 11.axb5 Rxb5 12.e5 dxe5 13.Nfxe5 Nxe5 14.Nxe5 Bd6 15.
Nc4 a6 16.b3 e5 17.Bb2 Re8 18.Qd2 Nd7 19.Bc3 Bf8 20.f4 Bd6 21.Ba5 Qb8 22.
Bc6 Re6 23.f5 Rh6 24.Qg2 Rf6 25.Bd8 Rb4 26.Bxf6 Nxf6 27.g4 g5 28.h3 Kg7 
29.Qe2 Qc7 30.Qf3 h6 31.Ra4 Rxa4 32.bxa4 e4 33.Bxe4 Nxe4 34.dxe4 Bh2+ 35.
Kf2 Bb7 36.a5 Bc6 37.Rd1 Ba8 38.Rd3 Bc6 39.f6+ Kg8 40.Nb6 Bf4 41.Nd5 Bxd5 
42.Rxd5 c4 43.Qe2 Be5 44.Qe3 Bf4 45.Qc5 Bg3+ 46.Kg2 Qf4 47.Rd8+ Kh7 48.
Qf5+ Qxf5 49.exf5 Bc7 50.Rf8 Bxa5 51.Rxf7+ Kg8 52.Ra7 Bc3 53.Rxa6 Kf7 54.
Kf3 Bxf6 55.Rxf6+ 1-0

[Event "XXI Festival"]
[Site "Arco ITA"]
[Date "1999.10.30"]
[Round "8"]
[White "Timoscenko, Gennadij A."]
[Black "Gorbatov, Alexej"]
[Result "1/2-1/2"]
[WhiteElo "2536"]
[BlackElo "2353"]
[PlyCount "53"]
[EventDate "1999.10.23"]

1.d4 a6 2.e4 d5 3.exd5 Qxd5 4.Nc3 Qd8 5.Nf3 Nf6 6.Bg5 e6 7.Bd3 Be7 8.Qe2 
Nc6 9.Rd1 Nb4 10.O-O Nxd3 11.Rxd3 O-O 12.Rfd1 c6 13.Ne5 Nd5 14.Bxe7 Qxe7 
15.Rg3 Nxc3 16.bxc3 f6 17.Nd3 Qd6 18.Re3 b6 19.f3 a5 20.Nf2 Ba6 21.Qe1 
Rfe8 22.Rb1 Rab8 23.Ne4 Qc7 24.Nd2 Qd6 25.Ne4 Qc7 26.Nd2 Qd6 27.Ne4 
1/2-1/2

[Event "XXI Festival"]
[Site "Arco ITA"]
[Date "1999.10.30"]
[Round "8"]
[White "Trabert, Bettina"]
[Black "Arlandi, Ennio"]
[Result "0-1"]
[WhiteElo "2301"]
[BlackElo "2465"]
[PlyCount "92"]
[EventDate "1999.10.23"]

1.e4 c6 2.d4 d5 3.exd5 cxd5 4.c4 Nf6 5.Nc3 e6 6.Nf3 Bb4 7.cxd5 Nxd5 8.Qc2 
Nc6 9.Be2 O-O 10.O-O Be7 11.a3 Bf6 12.Qe4 Nce7 13.Bd3 g6 14.h4 Bd7 15.h5 
Bc6 16.Qg4 Nf5 17.Rd1 Bg7 18.hxg6 hxg6 19.Bg5 Qb6 20.Ne2 Bb5 21.Bxb5 Qxb5 
22.Rd2 Rac8 23.Ng3 Rc4 24.Rad1 Rfc8 25.Kh2 Rc2 26.b4 Qa6 27.Ra1 Nxb4 28.
Nxf5 exf5 29.Qh4 Nd5 30.Bf4 Qf6 31.Bg5 Qd6+ 32.g3 R2c3 33.Ne5 f6 34.Nxg6 
fxg5 35.Qxg5 Qf6 36.Qh5 Qf7 37.Qg5 R3c6 38.Ne5 Qf6 39.Qxf6 Rxf6 40.Rb1 b6 
41.Rb3 Rd6 42.f4 Nf6 43.Rb5 Ne4 44.Rd3 Rc2+ 45.Kg1 Rh6 46.d5 Rhh2 0-1

[Event "XXI Festival"]
[Site "Arco ITA"]
[Date "1999.10.30"]
[Round "8"]
[White "Zucchelli, Massimo"]
[Black "Prang, Edgar"]
[Result "0-1"]
[WhiteElo "2199"]
[BlackElo "2249"]
[PlyCount "102"]
[EventDate "1999.10.23"]

1.e4 e6 2.d4 d5 3.Nc3 Bb4 4.e5 Ne7 5.a3 Bxc3+ 6.bxc3 b6 7.Qg4 Ng6 8.a4 Ba6
9.Bxa6 Nxa6 10.h4 h5 11.Qe2 Nb8 12.Nf3 Nc6 13.Bg5 Qd7 14.O-O Na5 15.Nd2 
Ne7 16.Bxe7 Qxe7 17.Nf3 O-O 18.Ng5 g6 19.g4 Kg7 20.gxh5 Rh8 21.f4 Rxh5 22.
f5 Rxg5+ 23.hxg5 Qxg5+ 24.Qg2 Qxg2+ 25.Kxg2 exf5 26.Rae1 Re8 27.Kg3 Re6 
28.Kf4 Rc6 29.Rf3 Nb7 30.e6 Rxe6 31.Rxe6 fxe6 32.Ke5 Nd8 33.Rg3 a5 34.Rg1 
Kf7 35.Rh1 Nc6+ 36.Kf4 Kf6 37.Rh7 g5+ 38.Kg3 Ne7 39.Rh8 Ng6 40.Rc8 g4 41.
Rxc7 Kg5 42.Rg7 f4+ 43.Kg2 Kf5 44.Rf7+ Ke4 45.Rf6 Nh4+ 46.Kf1 Kf3 47.Rxe6 
Nf5 48.Rxb6 Ne3+ 49.Kg1 Ke2 50.Rf6 f3 51.Kh2 f2 0-1

[Event "XXI Festival"]
[Site "Arco ITA"]
[Date "1999.10.31"]
[Round "9"]
[White "Ager, Josef"]
[Black "Rossi, Giampiero"]
[Result "1-0"]
[WhiteElo "2330"]
[BlackElo "2020"]
[PlyCount "61"]
[EventDate "1999.10.23"]

1.d4 d5 2.Nf3 c6 3.c4 e6 4.g3 Nf6 5.Bg2 Be7 6.O-O O-O 7.Qc2 Nbd7 8.Rd1 b6 
9.b3 Bb7 10.Nc3 Rc8 11.e4 h6 12.e5 Nh7 13.Bf4 Re8 14.Rac1 Nhf8 15.Qb2 Ng6 
16.Be3 Bf8 17.Nd2 Rc7 18.b4 Qa8 19.cxd5 cxd5 20.Nb5 Rxc1 21.Rxc1 Rc8 22.
Rxc8 Qxc8 23.Nxa7 Qa8 24.Nb5 Qa4 25.Nd6 Bxd6 26.exd6 Qc6 27.b5 Qxd6 28.f4 
Qc7 29.Nf3 Nf6 30.Bd2 Ne7 31.Bb4 1-0

[Event "XXI Festival"]
[Site "Arco ITA"]
[Date "1999.10.31"]
[Round "9"]
[White "Borgo, Giulio"]
[Black "Timoscenko, Gennadij A."]
[Result "1-0"]
[WhiteElo "2444"]
[BlackElo "2536"]
[PlyCount "75"]
[EventDate "1999.10.23"]

1.e4 e5 2.Nf3 Nc6 3.d4 exd4 4.Nxd4 Bc5 5.Nxc6 Qf6 6.Qd2 dxc6 7.Nc3 Ne7 8.
Qf4 Qd6 9.Qxd6 cxd6 10.Bf4 Ng6 11.Bg3 f5 12.exf5 Bxf5 13.O-O-O O-O-O 14.
Na4 Bb4 15.a3 Ba5 16.Bxd6 Rhe8 17.Nc5 Nf4 18.Nb3 Ne2+ 19.Bxe2 Rxe2 20.Nd4 
Rxf2 21.Bg3 Bd2+ 22.Kb1 Bxc2+ 23.Kxc2 Rxg2 24.Rxd2 Rxd2+ 25.Kxd2 Rxd4+ 26.
Kc3 Rd7 27.Rf1 b6 28.Rf8+ Kb7 29.Be5 g6 30.Rg8 c5 31.Rg7 Rxg7 32.Bxg7 Kc6 
33.Kd3 Kd5 34.Ke3 b5 35.Kf4 a5 36.h4 b4 37.axb4 axb4 38.Bf8 1-0

[Event "XXI Festival"]
[Site "Arco ITA"]
[Date "1999.10.31"]
[Round "9"]
[White "Burchert, Wolfgang"]
[Black "Luciani, Carlo"]
[Result "1-0"]
[WhiteElo "2187"]
[BlackElo "2228"]
[PlyCount "119"]
[EventDate "1999.10.23"]

1.e4 e5 2.Nf3 Nc6 3.c3 f5 4.d4 fxe4 5.Nxe5 Qf6 6.Ng4 Qg6 7.Bf4 d5 8.Be2 h5
9.Ne3 Qf7 10.g3 Be6 11.h4 O-O-O 12.Nd2 Kb8 13.Qa4 Nf6 14.Bb5 Bd7 15.b4 Bd6
16.Bxd6 cxd6 17.Bxc6 Bxc6 18.b5 Bd7 19.Qb4 Be6 20.Ndf1 Rhf8 21.Rh2 Qc7 22.
Rc1 Rc8 23.a4 b6 24.Kd2 Rf7 25.Rc2 Qd8 26.Kc1 Rfc7 27.Kb2 Qf8 28.Rc1 Bg4 
29.Rc2 Kb7 30.Qb3 Be6 31.Rh1 Re8 32.Ng2 Ng4 33.Nf4 Qf7 34.Ne3 Nxe3 35.fxe3
Rc4 36.Rf1 Bg4 37.Rcf2 Bf3 38.Qa3 Rd8 39.a5 bxa5 40.Qxa5 Rd7 41.Ra1 Kb8 
42.b6 Rb7 43.Nxd5 Rc5 44.dxc5 Qxd5 45.Qa2 Qxa2+ 46.Kxa2 dxc5 47.bxa7+ 
Rxa7+ 48.Kb2 Rd7 49.Kc2 c4 50.Rd2 Rd3 51.Rxd3 exd3+ 52.Kd2 Kc7 53.Ra4 Bd5 
54.e4 Be6 55.Ra7+ Kd6 56.Rxg7 Bg4 57.Rxg4 hxg4 58.h5 Ke5 59.h6 Kf6 60.e5+ 
1-0

[Event "XXI Festival"]
[Site "Arco ITA"]
[Date "1999.10.31"]
[Round "9"]
[White "Cavatorta, Fosco"]
[Black "Dalponte, Dino"]
[Result "0-1"]
[WhiteElo "2066"]
[BlackElo "2163"]
[PlyCount "75"]
[EventDate "1999.10.23"]

1.d4 d5 2.Bf4 c6 3.e3 Qb6 4.Qc1 Bg4 5.h3 Bh5 6.Bd3 e6 7.Nd2 Nd7 8.Ngf3 Bg6
9.e4 Ngf6 10.exd5 cxd5 11.Bxg6 hxg6 12.O-O Rc8 13.c3 Bd6 14.Ne5 Rh5 15.Re1
Qc7 16.Ndf3 Ne4 17.Qe3 Kf8 18.a3 Kg8 19.g4 Rxh3 20.Kg2 Nxe5 21.Kxh3 Nxf3 
22.Bxd6 Neg5+ 23.Kg2 Qxd6 24.Rh1 f6 25.Qd3 Qf4 26.Kf1 Qxg4 27.Qe3 Kf7 28.
Qd3 Rh8 29.Rxh8 Qg1+ 30.Ke2 Qxa1 31.Qd1 Qxb2+ 32.Kf1 Qxc3 33.Rb8 Qc7 34.
Rh8 b5 35.Kg2 Qf4 36.Qb1 Nxd4 37.Qb4 Nh7 38.Rxh7 0-1

[Event "XXI Festival"]
[Site "Arco ITA"]
[Date "1999.10.31"]
[Round "9"]
[White "Gorbatov, Alexej"]
[Black "Rotstein, Arkadij"]
[Result "1-0"]
[WhiteElo "2353"]
[BlackElo "2460"]
[PlyCount "81"]
[EventDate "1999.10.23"]

1.c4 e5 2.Nf3 e4 3.Nd4 Nc6 4.Nc2 Nf6 5.Nc3 Bc5 6.g3 O-O 7.Bg2 Re8 8.O-O d6
9.b3 Bf5 10.Ne3 Bxe3 11.fxe3 Qd7 12.Bb2 Ne5 13.Qc2 Ng6 14.Nb5 Ne5 15.Rxf5 
Qxf5 16.Nxc7 Rac8 17.Nxe8 Rxe8 18.Rf1 Qg4 19.Qd1 Qh5 20.Qe1 Re6 21.h3 Nfd7
22.g4 Qg6 23.Qh4 h6 24.Rf5 Nf6 25.Qf2 b6 26.Qf4 Ned7 27.Bd4 a5 28.Rb5 h5 
29.g5 Nh7 30.h4 f6 31.Bh3 fxg5 32.Bxe6+ Qxe6 33.hxg5 Nhf8 34.Qf5 Qe7 35.g6
Qe8 36.Qxh5 Nxg6 37.Rg5 Ndf8 38.Rg2 Qe6 39.Bxb6 Ne5 40.Bxa5 Nfg6 41.Bc3 
1-0

[Event "XXI Festival"]
[Site "Arco ITA"]
[Date "1999.10.31"]
[Round "9"]
[White "Haag, Martin"]
[Black "Efimov, Igor"]
[Result "1/2-1/2"]
[WhiteElo "2292"]
[BlackElo "2445"]
[PlyCount "34"]
[EventDate "1999.10.23"]

1.c4 e6 2.Nf3 d5 3.g3 g6 4.d4 Bg7 5.Bg2 Ne7 6.O-O Nbc6 7.e3 O-O 8.Qc2 a5 
9.Rd1 b6 10.b3 Nb4 11.Qd2 Ba6 12.Bb2 Qe8 13.Nc3 Rc8 14.a3 Nbc6 15.e4 Rd8 
16.exd5 exd5 17.Nb5 Qd7 1/2-1/2

[Event "XXI Festival"]
[Site "Arco ITA"]
[Date "1999.10.31"]
[Round "9"]
[White "Haldemann, Paul"]
[Black "Svensson, Leif"]
[Result "1/2-1/2"]
[WhiteElo "2235"]
[BlackElo "2221"]
[PlyCount "94"]
[EventDate "1999.10.23"]

1.d4 d5 2.c4 Bf5 3.cxd5 Bxb1 4.Qa4+ c6 5.Rxb1 Qxd5 6.Nf3 Nd7 7.e3 Qe4 8.
Ra1 e5 9.Be2 exd4 10.O-O Nc5 11.Qxd4 Rd8 12.Qxe4+ Nxe4 13.Nd4 Ngf6 14.f3 
Nd6 15.Nb3 Be7 16.e4 Nd7 17.Be3 b6 18.Nd4 Rc8 19.Rac1 c5 20.Nb5 Ne5 21.
Rfd1 Nxb5 22.Bxb5+ Nc6 23.f4 a5 24.Kf2 O-O 25.Rd7 Bd8 26.a3 h6 27.Rcd1 Nd4
28.Bc4 b5 29.Bxd4 cxd4 30.Bd3 Bb6 31.Rb7 Rb8 32.Rxb8 Rxb8 33.Rc1 b4 34.
axb4 axb4 35.Rc6 Kf8 36.Kf3 Ke8 37.e5 Kd7 38.Rc4 Ba7 39.Ke4 Rb7 40.Be2 Rb8
41.Bd1 b3 42.Ra4 Bc5 43.Kd5 Rb4 44.Rxb4 Bxb4 45.Kxd4 Bd2 46.g3 Bc1 47.Kc3 
Be3 1/2-1/2

[Event "XXI Festival"]
[Site "Arco ITA"]
[Date "1999.10.31"]
[Round "9"]
[White "Ortega, Lexy"]
[Black "Rossi, Carlo"]
[Result "0-1"]
[WhiteElo "2499"]
[BlackElo "2361"]
[PlyCount "62"]
[EventDate "1999.10.23"]

1.d4 f5 2.Nf3 Nf6 3.g3 g6 4.Bg2 Bg7 5.c4 O-O 6.O-O d6 7.Nc3 Nc6 8.d5 Ne5 
9.Qb3 h6 10.Nxe5 dxe5 11.c5 Kh8 12.Rd1 g5 13.Bd2 a6 14.Be1 Qe8 15.d6 exd6 
16.cxd6 cxd6 17.Rxd6 e4 18.Nd5 Be6 19.Nxf6 Rxf6 20.Qxb7 Rb8 21.Qxa6 Bc4 
22.Qa3 Rxd6 23.Qxd6 Rxb2 24.Rc1 Bxe2 25.Bc3 Bxc3 26.Qxh6+ Kg8 27.Qxg5+ Bg7
28.Qxf5 Bd3 29.h4 Rb5 30.Qc8 Qxc8 31.Rxc8+ Kf7 0-1

[Event "XXI Festival"]
[Site "Arco ITA"]
[Date "1999.10.31"]
[Round "9"]
[White "Prang, Edgar"]
[Black "Bellia, Fabrizio"]
[Result "1/2-1/2"]
[WhiteElo "2249"]
[BlackElo "2333"]
[PlyCount "80"]
[EventDate "1999.10.23"]

1.d4 Nf6 2.c4 g6 3.g3 Bg7 4.Bg2 O-O 5.Nc3 d6 6.e4 e5 7.Nge2 Nc6 8.d5 Nd4 
9.O-O c5 10.dxc6 Nxe2+ 11.Qxe2 bxc6 12.Rd1 Qe7 13.b3 Rd8 14.Ba3 Bg4 15.Bf3
Be6 16.Rd3 Qc7 17.Rad1 Qa5 18.Bb2 Bf8 19.Qd2 Nd7 20.Na4 Qa6 21.Qc3 f5 22.
Rxd6 fxe4 23.Nc5 Nxc5 24.Rxd8 Rxd8 25.Rxd8 Qb6 26.Rxf8+ Kxf8 27.Qxe5 exf3 
28.Bd4 Qa5 29.Qxc5+ Qxc5 30.Bxc5+ Kf7 31.Bxa7 Bf5 32.a3 Bc2 33.b4 Bd3 34.
c5 Bb5 35.g4 Ke8 36.h3 h5 37.Kh2 h4 38.Bb6 Kd7 39.Ba5 Ke7 40.Bb6 g5 
1/2-1/2

[Event "XXI Festival"]
[Site "Arco ITA"]
[Date "1999.10.31"]
[Round "9"]
[White "Ptaschinski, Dirk"]
[Black "Blasco, Domenico"]
[Result "1/2-1/2"]
[WhiteElo "2182"]
[BlackElo "2111"]
[PlyCount "25"]
[EventDate "1999.10.23"]

1.Nf3 Nf6 2.b3 g6 3.Bb2 Bg7 4.e3 O-O 5.Be2 d6 6.d4 c6 7.O-O Nbd7 8.Nbd2 
Qc7 9.c4 b6 10.Qc2 Bb7 11.Rfd1 Rac8 12.e4 e5 13.dxe5 1/2-1/2